| 000 | 00568nam a22001937a 4500 | ||
|---|---|---|---|
| 003 | CEME | ||
| 005 | 20210628202000.0 | ||
| 008 | 210120b xxu||||| |||| 00| 0 eng d | ||
| 020 | _a9971-51-427-3 | ||
| 040 | _cceme | ||
| 082 | _a621.3678 LIL | ||
| 100 |
_aLillesand, Thomas M ,Kiefer, Ralph W _957704 |
||
| 245 | _aRemote sensing and image interpretation | ||
| 250 | _a4TH | ||
| 260 |
_aNEW DELHI _bJOHN WILEY _c2003 |
||
| 300 | _aXII,724P | ||
| 650 |
_aREMOTE SENSING.IMAGE INTERPRETATION.DIGITAL IMAGE PROCESSING.MICROWAVE SENSING. _957705 |
||
| 942 |
_cBK _2ddc |
||
| 999 |
_c567976 _d567976 |
||